000 00458nmm a2200181 a 4500
003 AR-X00000XY
005 20251128212010.0
008 077020s1952 ||||||||||||||000 | spa||
040 _cAR-X00000XY
100 1 _aCastiñeira de Dios, José María
245 1 0 _aCampo Sur
260 _aBuenos Aires
_bMedina del Río, Editor
_c1952
300 0 _a82 p.
655 _aLITERATURA
700 1 _aBonomi, José
_eilustrador
942 _cBK
998 _cmartin
999 _c21992
_d21992